Chính sách kinh tế vĩ mô và quyền trẻ em Cuốn sách tập trung phân tích về các nước đang phát triển
Bewaard in:
| Hoofdauteur: | |
|---|---|
| Formaat: | Boek |
| Taal: | Vietnamese |
| Gepubliceerd in: |
Sweden
Save the children
2000
|
| Onderwerpen: | |
| Tags: |
Voeg label toe
Geen labels, Wees de eerste die dit record labelt!
|
| Thư viện lưu trữ: | Trung tâm Học liệu Lê Vũ Hùng, Trường Đại học Đồng Tháp |
|---|
| LEADER | 01133aam a22002418a 4500 | ||
|---|---|---|---|
| 001 | 00028358 | ||
| 005 | 20171026081023.0 | ||
| 008 | 120327s2000 ||||||viesd | ||
| 041 | 0 | # | |a vie |
| 082 | 1 | 4 | |a 339 |b CH312S |
| 100 | 1 | # | |a Devylder, Stefan |
| 245 | 1 | 0 | |b Cuốn sách tập trung phân tích về các nước đang phát triển |a Chính sách kinh tế vĩ mô và quyền trẻ em |c Stefan Devylder |
| 260 | # | # | |a Sweden |b Save the children |c 2000 |
| 300 | # | # | |a 76tr. |c 24cm. |
| 650 | # | 4 | |a Trẻ em |x Chính sách |
| 653 | # | # | |a Công tác xã hội |
| 653 | # | # | |a Kinh tế vĩ mô |
| 653 | # | # | |a Quyền trẻ em |
| 852 | # | # | |b Kho mượn |j KM.0013667, KM.0013668, KM.0013669, KM.0013670, KM.0013671, KM.0013672, KM.0013673, KM.0013674, KM.0013675, KM.0013676, KM.0013677, KM.0013678, KM.0013679, KM.0013680, KM.0013835 |
| 852 | # | # | |b Kho đọc |j KD.0012690 |
| 852 | # | # | |j KM.0013670 |j KM.0013671 |j KM.0013673 |j KM.0013668 |j KM.0013669 |j KD.0012690 |j KM.0013667 |j KM.0013672 |j KM.0013835 |
| 910 | |d 27/03/2012 | ||
| 980 | # | # | |a Trung tâm Học liệu Lê Vũ Hùng, Trường Đại học Đồng Tháp |